Die aktuellen Bundesministerien - Statistiken

Allgemein
  • Dieses Quiz wurde 49 mal gespielt
  • Das Durchschnittsergebnis liegt bei 10 aus 17
Antwortstatistiken
Hint Antwort % Korrekt
Lars Klingbeil Bundesministerium der Finanzen
87%
Boris Pistorius Bundesministerium der Verteidigung
87%
Katherina Reiche Bundesministerium für Wirtschaft und Energie
82%
Patrick Schnieder Bundesministerium für Verkehr
80%
Karin Prien Bundesministerium für Bildung, Familie, Senioren, Frauen und Jugend
78%
Nina Warken Bundesministerium für Gesundheit
76%
Bärbel Bas Bundesministerium für Arbeit und Soziales
73%
Dr. Stefanie Hubig Bundesministerium der Justiz und für Verbraucherschutz
60%
Alexander Dobrindt Bundesministerium des Innern
58%
Carsten Schneider Bundesministerium für Umwelt, Klimaschutz, Naturschutz und nukleare Sicherheit
58%
Alois Rainer Bundesministerium für Landwirtschaft, Ernährung und Heimat
56%
Verena Hubertz Bundesministerium für Wohnen, Stadtentwicklung und Bauwesen
49%
Dorothee Bär Bundesministerium für Forschung, Technologie und Raumfahrt
38%
Dr. Karsten Wildberger Bundesministerium für Digitales und Staatsmodernisierung
31%
Thorsten Frei Bundesministerium für besondere Aufgaben
24%
Reem Alabali Radovan Bundesministerium für wirtschaftliche Zusammenarbeit und Entwicklung
22%
Dr. Johann Wadephul Bundesministerium des Auswärtigen
20%
Keine übereinstimmenden Quizze gefunden
Verteilung der Resultate
Anzahl Personen mit jedem Resultat
Perzentil nach korrekt beantworteten Fragen
Ihre Resultats-Entwicklung
Sie haben dieses Quiz noch nicht gespielt